000 00630nam a2200277Ia 4500
005 20260324143053.0
008 008 260324s9999 xx 000 0 eng d
020 _a9781315002088
037 _aEBOOK
040 _aCRL
040 _beng
040 _cCRL
041 _2eng
041 _aeng
084 _qCRL
100 _aDavid Trotter
_91214271
245 0 _aEnglish Novel Hist 1895-1920
260 _bTaylor and Francis
260 _c1993
365 _a
365 _b220
856 _uhttp://www.taylorfrancis.com/books/9781315002088
942 _cEBOOK
999 _c1819250
_d1819250